[Event "9th Asian Continental"]
[Site "Olongapo City PHI"]
[Date "2010.04.25"]
[EventDate "2010.04.21"]
[Round "5"]
[Result "1-0"]
[White "Wesley So"]
[Black "Susanto Megaranto"]
[WhiteElo "2665"]
[BlackElo "2527"]
[PlyCount "75"]

1. e4 e5 2. Nf3 Nc6 3. Bb5 a6 4. Ba4 Nf6 5. O-O Be7 6. Re1 b5
7. Bb3 O-O 8. c3 d5 9. exd5 Nxd5 10. Nxe5 Nxe5 11. Rxe5 c6
12. d4 Bd6 13. Re1 Qh4 14. g3 Qh3 15. Qe2 Bg4 16. Qf1 Qh5
17. Nd2 Nf4 18. gxf4 Bxf4 19. h4 Qxh4 20. Qg2 Rae8 21. Rxe8
Rxe8 22. Nf1 Bh3 23. Qxc6 Bh2+ 24. Kh1 Rc8 25. Qb7 Bc7 26. Kg1
Qg4+ 27. Ng3 Bxg3 28. fxg3 Qxg3+ 29. Kh1 Bg4 30. Qxf7+ Kh8
31. Bd5 Qe1+ 32. Kh2 Re8 33. Bg5 Qe2+ 34. Bg2 Bh5 35. Qf4 Qxb2
36. Re1 Qxa2 37. Rxe8+ Bxe8 38. d5 1-0

[Event "9th Asian Continental"]
[Site "Olongapo City PHI"]
[Date "2010.04.26"]
[EventDate "2010.04.21"]
[Round "6"]
[Result "1/2-1/2"]
[White "Geetha Narayanan Gopal"]
[Black "Wesley So"]
[WhiteElo "2604"]
[BlackElo "2665"]
[PlyCount "63"]

1. e4 c5 2. Nf3 d6 3. d4 cxd4 4. Nxd4 Nf6 5. Nc3 a6 6. Bg5 e6
7. f4 Qb6 8. Qd2 Qxb2 9. Rb1 Qa3 10. e5 dxe5 11. fxe5 Nfd7
12. Ne4 h6 13. Bh4 Qxa2 14. Rd1 Qd5 15. Qe3 Qxe5 16. Be2 Bc5
17. Bg3 Bxd4 18. Rxd4 Qa5+ 19. Rd2 O-O 20. Bd6 Nc6 21. O-O
Nce5 22. Bxf8 Nxf8 23. Nd6 Bd7 24. Nxb7 Qb4 25. Nd6 Bc6
26. Rd4 Qa5 27. Nc4 Nxc4 28. Rxc4 Bb5 29. Rcf4 Bxe2 30. Qxe2
f6 31. Rd1 Rc8 32. Rf2 1/2-1/2

[Event "Biel Chess Festival"]
[Site "Biel SUI"]
[Date "2010.07.19"]
[EventDate "2010.07.19"]
[Round "1"]
[Result "0-1"]
[White "David Howell"]
[Black "Wesley So"]
[WhiteElo "2616"]
[BlackElo "2674"]
[PlyCount "64"]

1. e4 c6 2. d4 d5 3. exd5 cxd5 4. Bd3 Nc6 5. c3 Nf6 6. Bf4 Bg4
7. Qb3 Qc8 8. Nd2 e6 9. Ngf3 Be7 10. Kf1 Bh5 11. Re1 a6
12. Qc2 b5 13. b4 Bg6 14. Bxg6 hxg6 15. Qd3 a5 16. a3 axb4
17. axb4 Qb7 18. Nb3 O-O 19. h4 Ne4 20. Nfd2 Ra3 21. Rb1 Rfa8
22. Kg1 Nd8 23. Rh3 Qc6 24. Na5 R8xa5 25. bxa5 Nxc3 26. Rb3
Ra1+ 27. Nb1 b4 28. Bd2 Na2 29. Re3 Nc1 30. Bxc1 Qxc1+ 31. Kh2
Nc6 32. g3 Nxa5 0-1

[Event "Biel Chess Festival"]
[Site "Biel SUI"]
[Date "2010.07.26"]
[EventDate "2010.07.19"]
[Round "7"]
[Result "1/2-1/2"]
[White "Wesley So"]
[Black "Ngoc Truongson Nguyen"]
[WhiteElo "2674"]
[BlackElo "2617"]
[PlyCount "51"]

1. Nf3 Nf6 2. c4 c6 3. Nc3 d5 4. e3 g6 5. d4 Bg7 6. Be2 O-O
7. O-O a6 8. a4 a5 9. Qb3 e6 10. Rd1 Qe7 11. Ne5 Nbd7 12. f4
Nxe5 13. fxe5 Nd7 14. cxd5 exd5 15. e4 Qb4 16. Qc2 Nxe5 17. h3
Nd7 18. exd5 Bxd4+ 19. Kh1 Nf6 20. Bh6 Be5 21. Bf3 cxd5
22. Nxd5 Nxd5 23. Rxd5 Bf5 24. Qe2 Bg7 25. Bxg7 Kxg7 26. Rb5
1/2-1/2

[Event "Chess Olympiad"]
[Site "Khanty-Mansiysk RUS"]
[Date "2010.09.23"]
[EventDate "2010.09.21"]
[Round "3"]
[Result "1/2-1/2"]
[White "Wesley So"]
[Black "Colin A McNab"]
[WhiteElo "2668"]
[BlackElo "2445"]
[PlyCount "69"]

1. d4 d6 2. e4 g6 3. Nc3 c6 4. f4 d5 5. e5 h5 6. Nf3 Nh6
7. Be3 Qb6 8. Na4 Qa5+ 9. c3 Bg4 10. Be2 e6 11. Bf2 Nf5 12. h3
Bxf3 13. Bxf3 h4 14. O-O Nd7 15. b4 Qc7 16. Be2 Bh6 17. Qd2 f6
18. Bd3 fxe5 19. dxe5 O-O 20. Nc5 Nxc5 21. Bxc5 Rf7 22. Qe2 b6
23. Bd6 Nxd6 24. exd6 Qxd6 25. Qg4 Rf6 26. Bxg6 Rxf4 27. Qh5
Qf8 28. Rxf4 Qxf4 29. Rf1 Qg5 30. Bf7+ Kg7 31. Qxg5+ Bxg5
32. Bxe6 Be3+ 33. Kh2 Rf8 34. Rxf8 Kxf8 35. Bd7 1/2-1/2

[Event "Chess Olympiad"]
[Site "Khanty-Mansiysk RUS"]
[Date "2010.09.24"]
[EventDate "2010.09.21"]
[Round "4"]
[Result "1/2-1/2"]
[White "Jose Fernando Cubas"]
[Black "Wesley So"]
[WhiteElo "2463"]
[BlackElo "2668"]
[PlyCount "92"]

1. e4 e6 2. d4 d5 3. e5 c5 4. c3 Qb6 5. Nf3 Nc6 6. a3 Nh6
7. b4 cxd4 8. cxd4 Nf5 9. Be3 f6 10. exf6 gxf6 11. Bd3 Nxe3
12. fxe3 Bh6 13. Qe2 Bd7 14. O-O O-O 15. Nc3 Ne7 16. Rae1 Rac8
17. Nd1 Be8 18. Kh1 Kh8 19. g4 Bg6 20. Bxg6 Nxg6 21. h4 Qd6
22. h5 Ne7 23. e4 Qg3 24. Qg2 Qxg2+ 25. Kxg2 dxe4 26. Rxe4 Nd5
27. Kg3 f5 28. Rxe6 Bf4+ 29. Kh4 fxg4 30. Kxg4 Bc1 31. Re5
Rcd8 32. Rf2 Rg8+ 33. Kh4 h6 34. Rf5 Bf4 35. Ne5 Bxe5 36. Rxe5
Nxb4 37. Re4 Nc6 38. Rff4 Rg2 39. Nf2 Rh2+ 40. Nh3 Rd2 41. Re6
R2xd4 42. Rxh6+ Kg7 43. Rg6+ Kh8 44. Rh6+ Kg7 45. Rg6+ Kh8
46. Rh6+ Kg7 1/2-1/2

[Event "Chess Olympiad"]
[Site "Khanty-Mansiysk RUS"]
[Date "2010.09.27"]
[EventDate "2010.09.21"]
[Round "6"]
[Result "1/2-1/2"]
[White "Wesley So"]
[Black "Sergei Zhigalko"]
[WhiteElo "2668"]
[BlackElo "2640"]
[PlyCount "62"]

1. e4 c5 2. Nf3 Nc6 3. d4 cxd4 4. Nxd4 Nf6 5. Nc3 e5 6. Ndb5
d6 7. Bg5 a6 8. Na3 b5 9. Bxf6 gxf6 10. Nd5 f5 11. Bd3 Be6
12. c3 Bg7 13. Nxb5 axb5 14. Bxb5 Bd7 15. exf5 Rb8 16. a4 Rg8
17. Ne3 Ne7 18. Qf3 Bf6 19. Ng4 Bg5 20. h4 h5 21. Nxe5 Bd2+
22. Kxd2 dxe5 23. Kc2 Bxb5 24. axb5 Qb6 25. Ra8 Rxa8 26. Qxa8+
Kd7 27. Rd1+ Kc7 28. Qa4 Rg4 29. Qa8 Rg8 30. Qa4 Rg4 31. Qa8
Rg8 1/2-1/2

[Event "Chess Olympiad"]
[Site "Khanty-Mansiysk RUS"]
[Date "2010.09.30"]
[EventDate "2010.09.21"]
[Round "9"]
[Result "0-1"]
[White "Mesgen Amanov"]
[Black "Wesley So"]
[WhiteElo "2493"]
[BlackElo "2668"]
[PlyCount "94"]

1. d4 Nf6 2. c4 g6 3. g3 Bg7 4. Bg2 d5 5. cxd5 Nxd5 6. Nf3 O-O
7. O-O Nb6 8. Nc3 Nc6 9. e3 Re8 10. Re1 a5 11. Qe2 Be6 12. Rd1
Bc4 13. Qc2 a4 14. e4 Nb4 15. Qb1 c5 16. Be3 Bd3 17. Rxd3 Nxd3
18. Qxd3 cxd4 19. Nxd4 e5 20. Nd5 exd4 21. Bxd4 Bxd4 22. Qxd4
Nxd5 23. exd5 Qd6 24. a3 Rac8 25. Qxa4 Re2 26. Qd4 Rcc2
27. Rd1 Rxb2 28. Bf3 Rxf2 29. Qxf2 Rxf2 30. Kxf2 Kf8 31. a4
Qc5+ 32. Ke2 Qc2+ 33. Rd2 Qxa4 34. d6 Ke8 35. d7+ Kd8 36. h3
b5 37. Bb7 Qc4+ 38. Rd3 f5 39. Bd5 Qc2+ 40. Rd2 Qc3 41. Bf3 b4
42. Rd3 Qc2+ 43. Rd2 Qc7 44. g4 Qh2+ 45. Ke3 Qxh3 46. gxf5
Qxf5 47. Rd3 b3 0-1

[Event "Chess Olympiad"]
[Site "Khanty-Mansiysk RUS"]
[Date "2010.10.01"]
[EventDate "2010.09.21"]
[Round "10"]
[Result "1-0"]
[White "Wesley So"]
[Black "Diego Flores"]
[WhiteElo "2668"]
[BlackElo "2615"]
[PlyCount "97"]

1. d4 Nf6 2. c4 c5 3. d5 e5 4. Nc3 d6 5. e4 Nbd7 6. Be2 Be7
7. Nf3 a6 8. O-O O-O 9. a3 Ne8 10. b4 b6 11. Rb1 g6 12. Bh6
Ng7 13. Qd2 Nf6 14. Ne1 Kh8 15. Nd3 Ng8 16. Be3 f5 17. f3 Nf6
18. Kh1 f4 19. Bf2 Ngh5 20. Na4 Nd7 21. g4 Ng7 22. Rg1 Ne8
23. Rgc1 Bh4 24. Qe1 Bxf2 25. Qxf2 g5 26. Nxb6 Qxb6 27. bxc5
Qa7 28. cxd6 Qxf2 29. Nxf2 Nc5 30. Rb6 Rf6 31. Nd3 Nxd3
32. Bxd3 Rxd6 33. Rcb1 Rxb6 34. Rxb6 Kg7 35. c5 Nf6 36. Bc4 h5
37. gxh5 Bh3 38. Kg1 g4 39. h6+ Kg6 40. Be2 Kg5 41. c6 Kxh6
42. c7 gxf3 43. Bf1 Rg8+ 44. Kf2 Bxf1 45. Kxf1 Kg5 46. Rb8 Rg6
47. c8=Q Nxe4 48. Qc2 Nf6 49. h4+ 1-0

[Event "Spice Cup"]
[Site "Lubbock USA"]
[Date "2010.10.29"]
[EventDate "2010.10.28"]
[Round "2"]
[Result "0-1"]
[White "Eugene Perelshteyn"]
[Black "Wesley So"]
[WhiteElo "2528"]
[BlackElo "2668"]
[PlyCount "152"]

1. d4 Nf6 2. c4 g6 3. Nc3 Bg7 4. e4 d6 5. Nf3 O-O 6. Be2 e5
7. Be3 Ng4 8. Bg5 f6 9. Bh4 g5 10. Bg3 Nh6 11. d5 Nd7 12. O-O
f5 13. exf5 Nc5 14. Nd2 Bxf5 15. f3 Nd3 16. Nde4 Nf4 17. c5
Bg6 18. Bf2 Nf5 19. Re1 Nd4 20. Bf1 dxc5 21. Nxc5 Nc2 22. Rc1
Nxe1 23. Qxe1 b6 24. Ne6 Nxe6 25. dxe6 c6 26. Ne4 Qe7 27. Rxc6
Rac8 28. Qc3 Rxc6 29. Qxc6 Rd8 30. Be3 h6 31. h3 Kh8 32. Ba6
Bf8 33. a3 Qe8 34. Qc7 Rd1+ 35. Kh2 Qxe6 36. Qxa7 Bxe4
37. fxe4 Qf6 38. Bc8 Bc5 39. Bf5 Qe7 40. Qxe7 Bxe7 41. Bxb6
Bd6 42. a4 Rb1 43. a5 Rxb2 44. Bc8 Rc2 45. Bb7 Bc5 46. Bxc5
Rxc5 47. a6 Ra5 48. h4 g4 49. h5 Ra3 50. Bc8 Kg7 51. Bxg4 Rxa6
52. Kg3 Kf6 53. Kh4 Ra1 54. Bf5 Rf1 55. Bg6 Rf4+ 56. Kh3 Kg5
57. Kg3 Rf8 58. Kh3 Rc8 59. Bf7 Rc3+ 60. g3 Rc2 61. Bg6 Re2
62. Bf5 Re1 63. Kg2 Kxh5 64. Kf2 Ra1 65. Kf3 Kg5 66. Kf2 Ra3
67. Be6 Kf6 68. Bf5 Ra7 69. Kg2 Ke7 70. Kh3 Kd6 71. Kh4 Rg7
72. g4 Rg5 73. Bh7 Kc5 74. Bf5 Kd4 75. Bh7 Ke3 76. Bf5 Kf3 0-1

[Event "Spice Cup"]
[Site "Lubbock USA"]
[Date "2010.10.31"]
[EventDate "2010.10.28"]
[Round "4"]
[Result "0-1"]
[White "Wesley So"]
[Black "Georg Meier"]
[WhiteElo "2668"]
[BlackElo "2659"]
[PlyCount "120"]

1. e4 e6 2. d4 d5 3. Nd2 c5 4. exd5 Qxd5 5. Ngf3 cxd4 6. Bc4
Qd6 7. O-O Nf6 8. Nb3 Nc6 9. Nbxd4 Nxd4 10. Nxd4 a6 11. Re1
Qc7 12. Qe2 Bd6 13. Bg5 O-O 14. Bxf6 gxf6 15. Bd3 f5 16. Qh5
Kh8 17. Re3 Rg8 18. Rae1 Bd7 19. Qxf7 Rxg2+ 20. Kf1 Rf8
21. Qxf8+ Bxf8 22. Kxg2 Bc5 23. c3 Bxd4 24. cxd4 Bc6+ 25. Kf1
Bd5 26. Rg3 h5 27. Be2 h4 28. Rh3 Qf4 29. Rd1 Qg5 30. Bf3 Bxa2
31. Re1 a5 32. Re3 a4 33. Bxb7 Bc4+ 34. Ke1 Qg1+ 35. Kd2 Qxf2+
36. Kc3 Be2 37. Reg3 Qe1+ 38. Kc2 Bd1+ 39. Kd3 Qe2+ 40. Kc3
Qc2+ 41. Kb4 Qxb2+ 42. Kc5 Qc1+ 43. Kd6 Qh6 44. Bf3 Bb3
45. Bc6 Qf6 46. Kc5 Qe7+ 47. Kb5 Kh7 48. Rf3 Qd8 49. d5 Bxd5
50. Bxd5 Qxd5+ 51. Kxa4 Qc4+ 52. Ka3 Kg6 53. Rc3 Qa6+ 54. Kb2
Qb6+ 55. Kc2 Qf2+ 56. Kd1 e5 57. Rcf3 Qg1+ 58. Ke2 Qg2+
59. Ke1 e4 60. Ra3 Kg5 0-1

[Event "Spice Cup"]
[Site "Lubbock USA"]
[Date "2010.11.04"]
[EventDate "2010.10.28"]
[Round "7"]
[Result "1/2-1/2"]
[White "Wesley So"]
[Black "Eugene Perelshteyn"]
[WhiteElo "2668"]
[BlackElo "2528"]
[PlyCount "84"]

1. d4 Nf6 2. Nf3 e6 3. c4 d5 4. Nc3 Bb4 5. cxd5 exd5 6. Bg5 h6
7. Bh4 g5 8. Bg3 Ne4 9. Nd2 Nxg3 10. hxg3 c6 11. a3 Be7
12. Qc2 Be6 13. O-O-O Nd7 14. e4 Nb6 15. e5 Qc7 16. f4 O-O-O
17. Bd3 Kb8 18. f5 Bd7 19. f6 Bf8 20. Nf3 Rg8 21. Bh7 Rh8
22. Bd3 Rg8 23. b4 a5 24. Qb3 Nc4 25. Bxc4 dxc4 26. Qxc4 axb4
27. axb4 Be6 28. d5 Bxd5 29. Nxd5 Rxd5 30. Rxd5 cxd5 31. Qxc7+
Kxc7 32. Kc2 Bxb4 33. Rxh6 Kd7 34. Rh7 Ke6 35. g4 Bc5 36. Rg7
Ra8 37. Nxg5+ Kxe5 38. Rxf7 Ra2+ 39. Kd3 Ra3+ 40. Ke2 Ra2+
41. Kf3 Ra3+ 42. Ke2 Rb3 1/2-1/2

[Event "Spice Cup"]
[Site "Lubbock USA"]
[Date "2010.11.06"]
[EventDate "2010.10.28"]
[Round "9"]
[Result "1/2-1/2"]
[White "Georg Meier"]
[Black "Wesley So"]
[WhiteElo "2659"]
[BlackElo "2668"]
[PlyCount "78"]

1. Nf3 Nf6 2. c4 g6 3. Nc3 d5 4. cxd5 Nxd5 5. g3 Bg7 6. Bg2
O-O 7. O-O c5 8. Nxd5 Qxd5 9. d3 Nc6 10. Be3 Bxb2 11. Rb1 Bf6
12. Qa4 Qd7 13. Qb5 Qe6 14. Qxc5 Qxa2 15. Rfe1 Qa5 16. Qxa5
Nxa5 17. Nd2 Bc3 18. Rec1 Bxd2 19. Bxd2 Nc6 20. Bxc6 bxc6
21. Ba5 Be6 22. Rxc6 Rfc8 23. Rxc8+ Rxc8 24. f3 Bd5 25. Kf2
Bc6 26. g4 f6 27. h4 Kf7 28. Bd2 h5 29. g5 f5 30. Ra1 Ra8
31. Ra5 a6 32. Rc5 Rc8 33. Bb4 Bd7 34. Re5 e6 35. e4 Rb8
36. Bc3 Rb5 37. exf5 Rxe5 38. fxg6+ Kxg6 39. Bxe5 a5 1/2-1/2

[Event "16th Asian Games (Men Teams)"]
[Site "Guangzhou CHN"]
[Date "2010.11.20"]
[EventDate "2010.11.18"]
[Round "3"]
[Result "0-1"]
[White "Niaz Murshed"]
[Black "Wesley So"]
[WhiteElo "2429"]
[BlackElo "2669"]
[PlyCount "56"]

1. d4 Nf6 2. Nf3 g6 3. Nc3 d5 4. Bf4 Bg7 5. e3 O-O 6. Be2 c5
7. dxc5 Nbd7 8. O-O Nxc5 9. Nb5 a6 10. Bc7 Qe8 11. Nc3 Qc6
12. Be5 e6 13. Nd4 Qb6 14. Nb3 Ncd7 15. Bg3 Qd8 16. Bd6 Re8
17. a4 b6 18. a5 b5 19. Bf3 Bb7 20. Qd2 Nb6 21. Bb4 Nc4
22. Qc1 Nd7 23. g3 Nde5 24. Bg2 Nc6 25. Bc5 N6xa5 26. e4 Rc8
27. exd5 Nxb3 28. cxb3 Nxb2 0-1

[Event "16th Asian Games (Men Teams)"]
[Site "Guangzhou CHN"]
[Date "2010.11.21"]
[EventDate "2010.11.18"]
[Round "4"]
[Result "1/2-1/2"]
[White "Wesley So"]
[Black "Murtas Kazhgaleyev"]
[WhiteElo "2669"]
[BlackElo "2623"]
[PlyCount "136"]

1. e4 e5 2. Nf3 Nc6 3. Bb5 a6 4. Ba4 Nf6 5. O-O Be7 6. Re1 b5
7. Bb3 d6 8. c3 O-O 9. h3 Nb8 10. d4 Nbd7 11. Nbd2 Bb7 12. Bc2
Re8 13. a4 Bf8 14. Bd3 c6 15. b3 g6 16. Bb2 Nh5 17. axb5 cxb5
18. c4 b4 19. c5 exd4 20. cxd6 Nc5 21. Nc4 Bxd6 22. Nxd6 Qxd6
23. Bc4 Nxe4 24. Qxd4 Qxd4 25. Bxd4 a5 26. Bb6 Nd6 27. Rxe8+
Rxe8 28. Bf1 Nf4 29. Bc7 Re6 30. Nd4 Re4 31. Bxd6 Rxd4 32. Be5
Re4 33. Bxf4 Rxf4 34. Rxa5 Rd4 35. Bc4 Be4 36. Rb5 Bd3
37. Bxd3 Rxd3 38. Rxb4 h5 39. h4 Kg7 40. Kf1 Rd2 41. Rf4 Rb2
42. Rb4 f6 43. Rb7+ Kh6 44. Rb6 Kg7 45. g3 g5 46. Kg2 g4
47. Kf1 Kg6 48. Rb5 Kh6 49. Rb8 Kg7 50. b4 Kh7 51. b5 Kg7
52. b6 Kh7 53. Rb7+ Kh6 54. Ke1 Kg6 55. Rb8 Kg7 56. Rb7+ Kg6
57. Rb8 Kg7 58. b7 Rb5 59. Ke2 Rb6 60. f4 Rb1 61. Kd3 Rb6
62. Kc4 Rb1 63. Kc5 Rc1+ 64. Kd6 Rd1+ 65. Ke6 Re1+ 66. Kd7
Rd1+ 67. Ke6 Re1+ 68. Kf5 Rb1 1/2-1/2

[Event "16th Asian Games (Men Rapid)"]
[Site "Guangzhou CHN"]
[Date "2010.11.13"]
[EventDate "2010.11.13"]
[Round "1"]
[Result "1-0"]
[White "Samir Mohammad"]
[Black "Wesley So"]
[WhiteElo "2361"]
[BlackElo "2669"]
[PlyCount "79"]

1. d4 Nf6 2. c4 g6 3. Nc3 Bg7 4. e4 d6 5. Nf3 O-O 6. Be2 e5
7. O-O Nc6 8. d5 Ne7 9. Ne1 Ne8 10. Be3 f5 11. f3 Nf6 12. c5
h5 13. a4 f4 14. Bf2 g5 15. a5 g4 16. cxd6 cxd6 17. Nb5 g3
18. Bxa7 Nd7 19. Kh1 Ng6 20. Bg1 gxh2 21. Bf2 Nf6 22. Qc2 Ne8
23. b4 h4 24. Kxh2 Bd7 25. Rh1 Qe7 26. Kg1 Rc8 27. Qd2 Nf6
28. a6 Nh5 29. axb7 Rb8 30. Nxd6 Ng3 31. Nb5 Nh5 32. Nd6 Ng3
33. Rh2 Rf6 34. Bc5 Bf8 35. Ra6 Qd8 36. Bb6 Qe7 37. Bc7 Rxd6
38. Bxd6 Qxd6 39. Rxd6 Bxd6 40. Ba6 1-0

[Event "16th Asian Games (Men Rapid)"]
[Site "Guangzhou CHN"]
[Date "2010.11.13"]
[EventDate "2010.11.13"]
[Round "2"]
[Result "1-0"]
[White "Wesley So"]
[Black "Sanghoon Lee"]
[WhiteElo "2669"]
[BlackElo "2132"]
[PlyCount "66"]

1. d4 d5 2. c4 e6 3. Nf3 Nf6 4. g3 Be7 5. Bg2 O-O 6. O-O dxc4
7. Ne5 c5 8. dxc5 Qxd1 9. Rxd1 Bxc5 10. Nc3 a6 11. Nxc4 Nc6
12. Na4 Ba7 13. Nab6 Bxb6 14. Nxb6 Rb8 15. Be3 Nd5 16. Bxd5
exd5 17. Bf4 Be6 18. Bxb8 Rxb8 19. Nxd5 Kf8 20. Nf4 Bf5 21. h4
Re8 22. f3 Ne5 23. Rac1 Bd7 24. Kf2 Bc6 25. Nd3 Nxd3+ 26. Rxd3
Bb5 27. Rdd1 Bc6 28. Rd3 Bb5 29. Re3 Rd8 30. Rc7 Bc6 31. Ree7
Bd5 32. b3 Be6 33. Rxb7 Rd2 1-0

[Event "16th Asian Games (Men Rapid)"]
[Site "Guangzhou CHN"]
[Date "2010.11.14"]
[EventDate "2010.11.13"]
[Round "3"]
[Result "0-1"]
[White "Handszar Odeev"]
[Black "Wesley So"]
[WhiteElo "2405"]
[BlackElo "2669"]
[PlyCount "53"]

1. e4 c5 2. Nf3 d6 3. d4 cxd4 4. Nxd4 Nf6 5. Nc3 a6 6. Be3 e6
7. Qf3 Qc7 8. Qg3 b5 9. a3 Bb7 10. Bd3 Nbd7 11. O-O Nc5 12. f3
g6 13. Be2 Be7 14. Bh6 e5 15. Nb3 Ne6 16. Qf2 g5 17. h4 gxh4
18. Be3 Rg8 19. Kh1 Nh5 20. Rfd1 Ng3+ 21. Kh2 Bg5 22. Bxb5+
Kf8 23. Bf1 Bxe3 24. Qxe3 Nf4 25. Rd2 h3 26. gxh3 Qe7 27. Bg2
0-1

[Event "16th Asian Games (Men Rapid)"]
[Site "Guangzhou CHN"]
[Date "2010.11.15"]
[EventDate "2010.11.13"]
[Round "6"]
[Result "1-0"]
[White "Wesley So"]
[Black "Bayarsaikhan Gundavaa"]
[WhiteElo "2669"]
[BlackElo "2472"]
[PlyCount "41"]

1. d4 Nf6 2. c4 e6 3. Nf3 d5 4. g3 Bb4+ 5. Bd2 Be7 6. Bg2 O-O
7. O-O c6 8. Qc2 b6 9. Rd1 Ba6 10. b3 Nbd7 11. Bf4 Rc8 12. Nc3
c5 13. e4 cxd4 14. exd5 exd5 15. Nxd4 Bc5 16. cxd5 Ng4 17. h3
Qf6 18. Ne4 Qg6 19. Nxc5 Qxc2 20. Nxc2 Rxc5 21. Nb4 1-0

[Event "16th Asian Games (Men Rapid)"]
[Site "Guangzhou CHN"]
[Date "2010.11.15"]
[EventDate "2010.11.13"]
[Round "7"]
[Result "1-0"]
[White "Krishnan Sasikiran"]
[Black "Wesley So"]
[WhiteElo "2688"]
[BlackElo "2669"]
[PlyCount "87"]

1. d4 Nf6 2. Nf3 g6 3. Bg5 Bg7 4. Nbd2 O-O 5. c3 h6 6. Bh4 d6
7. e4 Nbd7 8. Bc4 g5 9. Bg3 Nh5 10. Bh4 Nhf6 11. Bg3 Nh5
12. Nf1 c5 13. Ne3 Nxg3 14. hxg3 cxd4 15. Nxd4 Ne5 16. Bb3 e6
17. f4 Ng6 18. f5 exf5 19. Ndxf5 Bxf5 20. Nxf5 Qf6 21. O-O Qe5
22. Qxd6 Kh7 23. Rad1 Kg8 24. Ra1 Kh7 25. Rad1 Rae8 26. Qd7
Ne7 27. Nxg7 Kxg7 28. Qxb7 a5 29. Rd7 h5 30. Qc7 Qxe4 31. Qxa5
Qe3+ 32. Kh1 Qxg3 33. Qc5 Ng6 34. Bxf7 Kh6 35. Qc6 Rxf7
36. Rdxf7 Re1 37. Rf6 Rxf1+ 38. Rxf1 g4 39. Qf6 h4 40. Qf2 Qe5
41. Qd2+ Kh5 42. Qd4 Qe2 43. Qf2 Qc4 44. b3 1-0

[Event "16th Asian Games (Men Rapid)"]
[Site "Guangzhou CHN"]
[Date "2010.11.16"]
[EventDate "2010.11.13"]
[Round "9"]
[Result "1/2-1/2"]
[White "Anton Filippov"]
[Black "Wesley So"]
[WhiteElo "2620"]
[BlackElo "2669"]
[PlyCount "96"]

1. e4 c5 2. Nf3 d6 3. d4 cxd4 4. Nxd4 Nf6 5. Nc3 a6 6. Bg5
Nbd7 7. Bc4 Qb6 8. Nb3 e6 9. O-O Be7 10. a4 Qc7 11. Bd3 b6
12. Qe2 Bb7 13. Kh1 h6 14. Bd2 d5 15. exd5 Nxd5 16. Nxd5 Bxd5
17. Bc3 O-O 18. Be4 Bxe4 19. Qxe4 Rac8 20. Qe2 Ra8 21. Qe4
Rac8 22. Qe2 Qc4 23. Qxc4 Rxc4 24. Nd2 Rc7 25. Nf3 Nf6 26. Nd2
Nd7 27. Nf3 Nf6 28. Rfc1 Rfc8 29. Ne1 b5 30. axb5 axb5 31. Kg1
Ne4 32. Bd4 Rc4 33. Rd1 b4 34. Kf1 Nd6 35. Ra7 Nf5 36. Rd7 h5
37. Bb6 Bf6 38. b3 R4c6 39. Rb7 Nd6 40. Rc7 R6xc7 41. Bxc7 Nc4
42. Bd6 Nxd6 43. Rxd6 g5 44. Rb6 Be7 45. Rb7 Bd6 46. Rb6 Be7
47. Rb7 Bd6 48. Rb6 Be7 1/2-1/2

[Event "16th Asian Games (Men Teams)"]
[Site "Guangzhou CHN"]
[Date "2010.11.24"]
[EventDate "2010.11.18"]
[Round "7"]
[Result "1-0"]
[White "Wesley So"]
[Black "Algis Shukuraliev"]
[WhiteElo "2669"]
[BlackElo "2376"]
[PlyCount "53"]

1. e4 e5 2. Nf3 Nc6 3. Bb5 a6 4. Ba4 Nf6 5. O-O Be7 6. Re1 b5
7. Bb3 O-O 8. c3 d5 9. exd5 e4 10. dxc6 exf3 11. d4 fxg2
12. Qf3 Re8 13. Bg5 Bg4 14. Qxg2 Bh5 15. Nd2 Qd6 16. Re5 Bg6
17. Rae1 Kf8 18. Bh4 Ng8 19. Bg3 Qf6 20. Ne4 Bxe4 21. Qxe4 Qg6
22. Qe2 Rad8 23. d5 f6 24. Bc2 Qf7 25. Re6 Rxd5 26. Bb3 Rg5
27. Re3 1-0

[Event "Airports Authority of India"]
[Site "New Delhi IND"]
[Date "2011.06.29"]
[EventDate "2011.06.22"]
[Round "7"]
[Result "1-0"]
[White "Wesley So"]
[Black "Viktor Laznicka"]
[WhiteElo "2667"]
[BlackElo "2681"]
[PlyCount "61"]

1. d4 d5 2. c4 e6 3. Nc3 Be7 4. cxd5 exd5 5. Bf4 c6 6. Qc2 Nf6
7. e3 Nh5 8. Be5 Nd7 9. Be2 Nxe5 10. dxe5 g6 11. Bxh5 gxh5
12. O-O-O f6 13. e4 d4 14. exf6 Bxf6 15. Nf3 Bg4 16. Ne2 Qa5
17. Kb1 c5 18. Nf4 O-O 19. h3 Bd7 20. Nxh5 Rae8 21. Nd2 Bh4
22. f4 c4 23. g4 d3 24. Qc1 b5 25. f5 Kh8 26. Nf3 Bd8 27. Qh6
Rf7 28. f6 Rg8 29. Ne5 Be6 30. Nf4 Rxf6 31. Nxe6 1-0

[Event "Aeroflot Open"]
[Site "Moscow RUS"]
[Date "2011.02.09"]
[EventDate "2011.02.08"]
[Round "2"]
[Result "0-1"]
[White "Wesley So"]
[Black "Anton Shomoev"]
[WhiteElo "2673"]
[BlackElo "2557"]
[PlyCount "67"]

1. d4 Nf6 2. c4 g6 3. Nc3 Bg7 4. e4 d6 5. Be2 O-O 6. Nf3 e5
7. Be3 Ng4 8. Bg5 f6 9. Bh4 Nc6 10. d5 Ne7 11. Nd2 h5 12. h3
Nh6 13. g4 hxg4 14. hxg4 Nf7 15. Qc2 c5 16. O-O-O Bd7 17. Rh2
Nc8 18. Rdh1 Bh6 19. g5 fxg5 20. Bg3 Kg7 21. Nd1 Ne7 22. Ne3
Ng8 23. Ng4 Bxg4 24. Bxg4 Nf6 25. Be6 Nh5 26. Qd1 g4 27. Rxh5
gxh5 28. Rxh5 Qf6 29. Qa4 Bg5 30. Rh1 Qf3 31. Re1 Qd3 32. Qc2
Qxc2+ 33. Kxc2 Bf4 34. Bxg4 0-1

[Event "off-hand blitz"]
[Site "Hamilton, Ont."]
[Date "2011.03.27"]
[EventDate "?"]
[Round "?"]
[Result "1-0"]
[White "Wesley So"]
[Black "Bator Sambuev"]
[WhiteElo "2667"]
[BlackElo "2513"]
[PlyCount "60"]

1. d4 Nf6 2. c4 g6 3. Nc3 Bg7 4. e4 O-O 5. Be2 d6 6. g4 c5
7. d5 e6 8. g5 Nfd7 9. Nf3 exd5 10. exd5 Re8 11. h4 Ne5
12. Nxe5 Bxe5 13. Be3 Bf5 14. Bd3 Qb6 15. Rb1 Bxd3 16. Qxd3
Nd7 17. Kf1 Bg7 18. f4 Bd4 19. Bd2 Re7 20. Ne2 Rae8 21. Rh2
Bg7 22. h5 Qa6 23. Nc3 Nb6 24. b3 Bxc3 25. Bxc3 Re3 26. hxg6
fxg6 27. Qc2 Nxd5 28. Rxh7 Rf3+ 29. Kg1 Rg3+ 30. Kh1 Nxf4 1-0

[Event "off-hand blitz game"]
[Site "Hamilton, Ont."]
[Date "2011.03.27"]
[EventDate "?"]
[Round "?"]
[Result "0-1"]
[White "Bator Sambuev"]
[Black "Wesley So"]
[WhiteElo "2513"]
[BlackElo "2667"]
[PlyCount "64"]

1. Nf3 Nf6 2. c4 b6 3. g3 c5 4. Bg2 Bb7 5. O-O e6 6. Nc3 d6
7. Re1 Be7 8. e4 O-O 9. d4 cxd4 10. Nxd4 a6 11. e5 dxe5
12. Bxb7 exd4 13. Bxa8 dxc3 14. Qxd8 Rxd8 15. bxc3 Nbd7
16. Bf3 Rc8 17. Be2 Ne4 18. Bf3 Nxc3 19. Bb7 Rc7 20. Bxa6 Nc5
21. Bb5 Nd3 22. Re3 Nxc1 23. Rxc1 Nxb5 24. Rb1 Nd4 25. Rxb6 g5
26. Kg2 Rxc4 27. Ra6 Rc2 28. Ra8+ Kg7 29. a4 Bc5 30. Rc8 Nf5
31. Rf3 g4 32. Rf4 Ne3+ 0-1

[Event "simul"]
[Site "Toronto, Ont."]
[Date "2011.03.19"]
[EventDate "?"]
[Round "?"]
[Result "0-1"]
[White "Razvan Preotu"]
[Black "Wesley So"]
[WhiteElo "1877"]
[BlackElo "2667"]
[PlyCount "58"]

1. e4 c5 2. Nf3 d6 3. d4 cxd4 4. Nxd4 Nf6 5. Nc3 a6 6. Be3 e6
7. f3 b5 8. Qd2 Bb7 9. O-O-O Nbd7 10. g4 Nb6 11. g5 Nfd7
12. Qf2 Rc8 13. h4 Rxc3 14. bxc3 Qc7 15. Qd2 Ne5 16. Bxb5+
axb5 17. Nxb5 Qd7 18. Nxd6+ Qxd6 19. Qxd6 Bxd6 20. Bxb6 Ba3+
21. Kb1 Ke7 22. Ba5 Nxf3 23. Bb4+ Bxb4 24. cxb4 Bxe4 25. Kb2
Rc8 26. c3 Ne5 27. Rhg1 Nd3+ 28. Kb3 Bd5+ 29. Ka4 Nb2+ 0-1

[Event "simul"]
[Site "Toronto, Ont."]
[Date "2011.03.19"]
[EventDate "?"]
[Round "?"]
[Result "1/2-1/2"]
[White "Pepin Manalo"]
[Black "Wesley So"]
[WhiteElo "1811"]
[BlackElo "2667"]
[PlyCount "69"]

1. e4 e5 2. Nf3 Nc6 3. Bb5 a6 4. Ba4 Nf6 5. d4 exd4 6. e5 Ne4
7. O-O Nc5 8. Bxc6 dxc6 9. Nxd4 Ne6 10. Be3 Nxd4 11. Bxd4 c5
12. Be3 Qxd1 13. Rxd1 Bf5 14. c4 Be6 15. b3 b6 16. Nc3 c6
17. Ne4 Rd8 18. Rxd8+ Kxd8 19. Rd1+ Kc7 20. Ng5 Be7 21. Nxe6+
fxe6 22. f4 h5 23. g3 g6 24. Kf2 b5 25. h3 bxc4 26. bxc4 Rb8
27. Rd2 a5 28. Kf3 a4 29. Rc2 Rd8 30. Kf2 Rd1 31. Kf3 Rh1
32. Kg2 Re1 33. Kf2 Rh1 34. Kg2 Re1 35. Kf2 1/2-1/2